Turisztikai ERP rendszer bevezetése

Bibliographic Details
Main Author: Kubínyi Norbert Ádám
Other Authors: Szabó Zsolt Antal
Format: Thesis
Kulcsszavak:ERP rendszerbevezetés
CRM
vállalatirányítási rendszer
Online Access:http://dolgozattar.uni-bge.hu/15982

MARC

LEADER 00000nta a2200000 i 4500
001 dolg15982
005 20180514133019.0
008 180514suuuu hu om 000 hun d
040 |a BGE Dolgozattár Repozitórium  |b hun 
041 |a hu 
100 1 |a Kubínyi Norbert Ádám 
245 1 0 |a Turisztikai ERP rendszer bevezetése  |c Kubínyi Norbert Ádám  |h [elektronikus dokumentum] 
246 1 1 |a Introduction of a tourism ERP system 
520 3 |a Turisztikai ERP rendszer bevezetése, amely az elméleti és turisztikai alapismereteken túl végigkíséri egy utazási irodában történő sikeres vállalatirányítási rendszerbevezetés strukturális lépéseit. 
695 |a ERP rendszerbevezetés 
695 |a CRM 
695 |a vállalatirányítási rendszer 
700 1 |a Szabó Zsolt Antal  |e ths 
856 4 0 |u http://dolgozattar.uni-bge.hu/15982/1/szakdolgozt_bge_gazdinfo_vegleges.pdf  |z Dokumentum-elérés